[Event "EU-ch 15th"]
[Site "Yerevan"]
[Date "2014.03.13"]
[Round "10"]
[White "Minasian, Ara"]
[Black "Volokitin, Andrei"]
[Result "0-1"]
[WhiteElo "2432"]
[BlackElo "2674"]
[PlyCount "58"]
[EventDate "2014.03.03"]
[EventType "swiss"]
[EventRounds "11"]
[EventCountry "ARM"]
[SourceTitle "CBM 160"]
[Source "ChessBase"]
[SourceDate "2014.05.15"]
[SourceVersion "1"]
[SourceVersionDate "2014.05.15"]
[SourceQuality "1"]

1. c4 e5 2. Nc3 Nf6 3. Nf3 Nc6 4. e3 Bb4 5. Qc2 Bxc3 6. Qxc3 Qe7 7. d3 d5 8. cxd5 Nxd5 9. Qc2 Ndb4 10. Qc3 Nd4 11. Bd2 a5 12. Kd1 Nxf3 13. gxf3 0-0 14. Rg1 Nd5 15. Qc4 Rd8 16. Rc1 Be6 17. Qc5 Qh4 18. Rg3 b6 19. Qc6 Qxh2 20. Ke1 Rac8 21. a3 Qh4 22. Ke2 Rd6 23. Qb7 Qd8 24. Bh3 Rb8 25. Qa7 Bxh3 26. Rxh3 Qc8 27. e4 Ra8 28. Qxa8 Qxa8 29. exd5 Qxd5 0-1

[Event "EU-ch 15th"]
[Site "Yerevan"]
[Date "2014.03.06"]
[Round "4"]
[White "Socko, Bartosz"]
[Black "Minasian, Ara"]
[Result "1/2-1/2"]
[WhiteElo "2654"]
[BlackElo "2432"]
[PlyCount "93"]
[EventDate "2014.03.03"]
[EventType "swiss"]
[EventRounds "11"]
[EventCountry "ARM"]
[SourceTitle "CBM 160"]
[Source "ChessBase"]
[SourceDate "2014.05.15"]
[SourceVersion "1"]
[SourceVersionDate "2014.05.15"]
[SourceQuality "1"]

1. d4 f5 2. g3 Nf6 3. Bg2 g6 4. Nh3 Bg7 5. Nf4 Nc6 6. d5 Ne5 7. Nc3 c6 8. e4 fxe4 9. Nxe4 Nxe4 10. Bxe4 cxd5 11. Bxd5 e6 12. Bg2 Qc7 13. 0-0 d6 14. Rb1 Bd7 15. b3 Ke7 16. Qe2 Bc6 17. Bb2 Kf7 18. Nxe6 Kxe6 19. f4 Bxg2 20. Kxg2 Qc6+ 21. Kh3 Rhf8 22. Rbe1 Kd7 23. fxe5 dxe5 24. Qg4+ Kc7 25. Rxe5 Rxf1 26. Re7+ Kb6 27. Bxg7 Rf5 28. Bd4+ Ka5 29. Rxh7 Re8 30. Rh6 Re4 31. Bc3+ Kb5 32. a4+ Kc5 33. Qxg6 Qxg6 34. Rxg6 Rh5+ 35. Kg2 Re2+ 36. Kf3 Rxc2 37. Kg4 Rd5 38. Bf6 Rxh2 39. Be7+ Kd4 40. Rg7 Kd3 41. Ba3 Ra2 42. Bf8 Rf2 43. Ba3 b6 44. Rxa7 Kc3 45. Bc1 Kxb3 46. Be3 Rf6 47. Rb7 1/2-1/2

[Event "EU-ch 15th"]
[Site "Yerevan"]
[Date "2014.03.05"]
[Round "3"]
[White "Sargsyan, Shushanna"]
[Black "Minasian, Ara"]
[Result "1/2-1/2"]
[WhiteElo "2093"]
[BlackElo "2432"]
[PlyCount "82"]
[EventDate "2014.03.03"]
[EventType "swiss"]
[EventRounds "11"]
[EventCountry "ARM"]
[SourceTitle "CBM 160"]
[Source "ChessBase"]
[SourceDate "2014.05.15"]
[SourceVersion "1"]
[SourceVersionDate "2014.05.15"]
[SourceQuality "1"]

1. Nf3 d6 2. d4 f5 3. c4 Nf6 4. Nc3 g6 5. g3 Bg7 6. Bg2 0-0 7. 0-0 Qe8 8. Re1 e5 9. dxe5 dxe5 10. e4 fxe4 11. Ng5 Bg4 12. Qb3 Nc6 13. Be3 Rb8 14. Ncxe4 Nxe4 15. Nxe4 Kh8 16. Bc5 Nd4 17. Bxd4 exd4 18. h3 Bf5 19. Nc5 Qf7 20. Bd5 Qf6 21. Kh2 b6 22. Ne6 Bxe6 23. Rxe6 Qxf2+ 24. Bg2 Rbe8 25. Rxe8 Rxe8 26. Rf1 Qe2 27. Rf7 Rd8 28. Qf3 Qxb2 29. Rxc7 h6 30. Qd3 Qc3 31. Qxg6 d3 32. Rd7 Rf8 33. Rxd3 Qf6 34. Qe4 Qf5 35. Qxf5 Rxf5 36. Be4 Rf8 37. Rd7 a5 38. Rd6 Rf6 39. Rd7 Bf8 40. Kg2 Bc5 41. Bf3 Rd6 1/2-1/2

[Event "EU-ch 15th"]
[Site "Yerevan"]
[Date "2014.03.03"]
[Round "1"]
[White "Kryvoruchko, Yuriy"]
[Black "Minasian, Ara"]
[Result "1-0"]
[WhiteElo "2706"]
[BlackElo "2432"]
[PlyCount "77"]
[EventDate "2014.03.03"]
[EventType "swiss"]
[EventRounds "11"]
[EventCountry "ARM"]
[SourceTitle "CBM 160"]
[Source "ChessBase"]
[SourceDate "2014.05.15"]
[SourceVersion "1"]
[SourceVersionDate "2014.05.15"]
[SourceQuality "1"]

1. e4 e6 2. d4 d5 3. Nc3 Bb4 4. e5 c5 5. a3 Bxc3+ 6. bxc3 Ne7 7. Nf3 b6 8. Bb5+ Bd7 9. a4 Bxb5 10. axb5 Qd7 11. Qe2 c4 12. Rb1 a6 13. bxa6 Rxa6 14. h4 h6 15. h5 Nbc6 16. g4 Kd8 17. Nh4 Kc7 18. 0-0 Ra2 19. f4 g6 20. Rf2 gxh5 21. gxh5 Rg8+ 22. Rg2 Rxg2+ 23. Qxg2 Nf5 24. Nxf5 exf5 25. Be3 Ne7 26. Qg7 Qe6 27. Rc1 Nc6 28. Kg2 Na7 29. Kf3 Nb5 30. Rg1 Kc6 31. Qg8 Nc7 32. Rg7 Rxc2 33. Rxf7 Kb5 34. Qg6 Qc8 35. Qd6 Ne6 36. Qb4+ Kc6 37. Qa4+ b5 38. Qxc2 Qg8 39. Qxf5 1-0

[Event "ARM-ch 1st League 72nd"]
[Site "Kajaran"]
[Date "2011.08.22"]
[Round "5"]
[White "Hayrapetyan, Arman"]
[Black "Minasian, Ara"]
[Result "1/2-1/2"]
[WhiteElo "2360"]
[BlackElo "2452"]
[PlyCount "42"]
[EventDate "2011.08.18"]
[EventType "tourn"]
[EventRounds "13"]
[EventCountry "ARM"]
[EventCategory "7"]
[SourceTitle "CBM 144 Extra"]
[Source "ChessBase"]
[SourceDate "2011.10.28"]
[SourceVersion "1"]
[SourceVersionDate "2011.10.28"]
[SourceQuality "1"]

1. e4 e6 2. d4 d5 3. exd5 exd5 4. Nf3 Nc6 5. Bb5 Bd6 6. c4 dxc4 7. d5 a6 8. Ba4 b5 9. dxc6 bxa4 10. 0-0 Ne7 11. Qxa4 0-0 12. Nbd2 c3 13. bxc3 Be6 14. Nd4 Bd5 15. Nc4 Nxc6 16. Nxc6 Bxh2+ 17. Kxh2 Qh4+ 18. Kg1 Bxg2 19. Kxg2 Qg4+ 20. Kh2 Qh4+ 21. Kg2 Qg4+ 1/2-1/2

[Event "ARM-ch 1st League 72nd"]
[Site "Kajaran"]
[Date "2011.08.21"]
[Round "4"]
[White "Minasian, Ara"]
[Black "Petrosyan, Tigran S"]
[Result "1/2-1/2"]
[WhiteElo "2452"]
[BlackElo "2244"]
[PlyCount "130"]
[EventDate "2011.08.18"]
[EventType "tourn"]
[EventRounds "13"]
[EventCountry "ARM"]
[EventCategory "7"]
[SourceTitle "CBM 144 Extra"]
[Source "ChessBase"]
[SourceDate "2011.10.28"]
[SourceVersion "1"]
[SourceVersionDate "2011.10.28"]
[SourceQuality "1"]

1. c4 e5 2. Nc3 Nf6 3. g3 Bb4 4. Nf3 e4 5. Nd4 Bxc3 6. dxc3 0-0 7. Bg2 h6 8. 0-0 d6 9. Nc2 Nbd7 10. Ne3 b6 11. Qc2 Bb7 12. Rd1 Re8 13. Nd5 Nxd5 14. cxd5 f5 15. c4 a5 16. b3 Ne5 17. h3 Qf6 18. Be3 Ng6 19. Qd2 Ne5 20. f4 exf3 21. exf3 Qg6 22. Kf2 Re7 23. f4 Nd7 24. Bd4 Nf6 25. Re1 Rae8 26. Rxe7 Rxe7 27. Re1 Qf7 28. Rxe7 Qxe7 29. Qe3 Qxe3+ 30. Kxe3 Kf7 31. Bf3 Bc8 32. a3 g6 33. Bc3 Ne4 34. Be1 h5 35. b4 axb4 36. axb4 Nf6 37. Kd4 Ba6 38. Bd1 Ke7 39. Bc2 Bc8 40. c5 bxc5+ 41. bxc5 Bb7 42. Bb3 Ba6 43. Ba5 Ne4 44. c6 Kd8 45. g4 hxg4 46. hxg4 Be2 47. gxf5 gxf5 48. Bc2 Bf3 49. Be1 Ke7 50. Bh4+ Nf6 51. Bd3 Kf7 52. Ba6 Bg2 53. Bc4 Bf3 54. Bd3 Bg2 55. Bb1 Bf3 56. Ba2 Bg2 57. Be1 Ke7 58. Bc4 Bf3 59. Ba5 Kd8 60. Be1 Ke7 61. Bh4 Kf7 62. Bd3 Bg2 63. Be2 Be4 64. Bb5 Bg2 65. Be1 Ke7 1/2-1/2

[Event "ARM-ch 1st League 72nd"]
[Site "Kajaran"]
[Date "2011.08.20"]
[Round "3"]
[White "Simonian, Hrair"]
[Black "Minasian, Ara"]
[Result "1/2-1/2"]
[WhiteElo "2461"]
[BlackElo "2452"]
[PlyCount "53"]
[EventDate "2011.08.18"]
[EventType "tourn"]
[EventRounds "13"]
[EventCountry "ARM"]
[EventCategory "7"]
[SourceTitle "CBM 144 Extra"]
[Source "ChessBase"]
[SourceDate "2011.10.28"]
[SourceVersion "1"]
[SourceVersionDate "2011.10.28"]
[SourceQuality "1"]

1. e4 e6 2. Nc3 d5 3. d4 Bb4 4. e5 c5 5. Bd2 Ne7 6. Nce2 Bxd2+ 7. Qxd2 cxd4 8. Nxd4 Nbc6 9. Ngf3 0-0 10. Bd3 f6 11. Qe3 fxe5 12. Nxe5 Qb6 13. Ndxc6 Nxc6 14. Nxc6 bxc6 15. 0-0 Qxe3 16. fxe3 Bd7 17. c4 Rab8 18. b3 Rxf1+ 19. Kxf1 a5 20. Rb1 Kf7 21. Ke2 h6 22. Kd2 Ke7 23. Kc3 c5 24. Rf1 a4 25. Bg6 Be8 26. Bxe8 Rxe8 27. bxa4 1/2-1/2

[Event "Jermuk Asrian Memorial 4th"]
[Site "Jermuk"]
[Date "2011.06.20"]
[Round "5"]
[White "Minasian, Ara"]
[Black "Ter Sahakyan, Samvel"]
[Result "1/2-1/2"]
[WhiteElo "2465"]
[BlackElo "2592"]
[PlyCount "41"]
[EventDate "2011.06.16"]
[EventType "swiss"]
[EventRounds "9"]
[EventCountry "ARM"]
[SourceTitle "CBM 143 Extra"]
[Source "ChessBase"]
[SourceDate "2011.08.29"]
[SourceVersion "1"]
[SourceVersionDate "2011.08.29"]
[SourceQuality "1"]

1. c4 e5 2. Nc3 Nc6 3. g3 d6 4. Bg2 g6 5. Rb1 Be6 6. b4 Qd7 7. b5 Nd8 8. d4 f5 9. d5 Bf7 10. e4 Bg7 11. Nge2 Nf6 12. 0-0 Nh5 13. Bh3 0-0 14. Qc2 Be8 15. f4 exf4 16. Nxf4 Bd4+ 17. Kh1 Ng7 18. Nce2 Bf6 19. exf5 gxf5 20. Bb2 Bg6 21. Bxf6 1/2-1/2

[Event "ARM-ch 71st"]
[Site "Yerevan"]
[Date "2011.01.27"]
[Round "9"]
[White "Minasian, Ara"]
[Black "Grigoryan, Avetik"]
[Result "1/2-1/2"]
[WhiteElo "2464"]
[BlackElo "2580"]
[PlyCount "54"]
[EventDate "2011.01.10"]
[EventType "tourn"]
[EventRounds "11"]
[EventCountry "ARM"]
[EventCategory "13"]
[SourceTitle "CBM 141"]
[Source "ChessBase"]
[SourceDate "2011.03.17"]
[SourceVersion "1"]
[SourceVersionDate "2011.03.17"]
[SourceQuality "1"]

1. c4 Nf6 2. Nc3 e6 3. Nf3 d5 4. d4 c6 5. Bg5 h6 6. Bxf6 Qxf6 7. e3 Nd7 8. Rc1 g6 9. Bd3 dxc4 10. Bxc4 Qe7 11. 0-0 Bg7 12. e4 0-0 13. Qe2 c5 14. d5 Nb6 15. e5 exd5 16. Nxd5 Nxd5 17. Bxd5 Rb8 18. Qc2 Rd8 19. Bb3 b6 20. Qxg6 Ba6 21. Qe4 Bd3 22. Qe3 Bxf1 23. Kxf1 Qd7 24. e6 Qd3+ 25. Qxd3 Rxd3 26. exf7+ Kf8 27. Nh4 Bxb2 1/2-1/2

[Event "ARM-ch 71st"]
[Site "Yerevan"]
[Date "2011.01.21"]
[Round "4"]
[White "Minasian, Ara"]
[Black "Anastasian, Ashot"]
[Result "1-0"]
[WhiteElo "2464"]
[BlackElo "2578"]
[PlyCount "77"]
[EventDate "2011.01.10"]
[EventType "tourn"]
[EventRounds "11"]
[EventCountry "ARM"]
[EventCategory "13"]
[SourceTitle "CBM 141"]
[Source "ChessBase"]
[SourceDate "2011.03.17"]
[SourceVersion "1"]
[SourceVersionDate "2011.03.17"]
[SourceQuality "1"]

1. e4 c5 2. Nf3 d6 3. d4 cxd4 4. Nxd4 Nf6 5. Nc3 a6 6. Bg5 e6 7. f4 b5 8. e5 dxe5 9. fxe5 Qc7 10. exf6 Qe5+ 11. Be2 Qxg5 12. 0-0 Ra7 13. Qd3 Rd7 14. Ne4 Qe5 15. Nf3 Qc7 16. Qe3 Bb7 17. c4 b4 18. Kh1 Bxe4 19. fxg7 Bxg7 20. Qxe4 Bxb2 21. Rab1 Bc3 22. Ng5 Qc5 23. Qh4 Nc6 24. Bh5 Nd8 25. Ne4 Qa5 26. c5 Rg8 27. Rbd1 Be5 28. Qf2 Qc7 29. Nf6+ Bxf6 30. Qxf6 Qc6 31. Bf3 Qxc5 32. Rxd7 Kxd7 33. Rd1+ Kc8 34. Qf4 e5 35. Qe4 Kc7 36. Qa8 f5 37. Bb7 e4 38. Bxa6 Qb6 39. Qc8# 1-0

[Event "ARM-ch 71st"]
[Site "Yerevan"]
[Date "2011.01.19"]
[Round "2"]
[White "Minasian, Ara"]
[Black "Melkumyan, Hrant"]
[Result "0-1"]
[WhiteElo "2464"]
[BlackElo "2617"]
[PlyCount "171"]
[EventDate "2011.01.10"]
[EventType "tourn"]
[EventRounds "11"]
[EventCountry "ARM"]
[EventCategory "13"]
[SourceTitle "CBM 141"]
[Source "ChessBase"]
[SourceDate "2011.03.17"]
[SourceVersion "1"]
[SourceVersionDate "2011.03.17"]
[SourceQuality "1"]

1. e4 e5 2. Nf3 Nc6 3. Bb5 a6 4. Ba4 Nf6 5. 0-0 Be7 6. Re1 b5 7. Bb3 d6 8. c3 0-0 9. h3 Nd7 10. d4 Bf6 11. a4 Bb7 12. axb5 axb5 13. Rxa8 Qxa8 14. d5 Na5 15. Bc2 Be7 16. Na3 c6 17. dxc6 Bxc6 18. Qe2 Qa6 19. Bd3 Nc5 20. Bxb5 Bxb5 21. Qxb5 Qxb5 22. Nxb5 Rb8 23. Nc7 Nab3 24. Nd5 Bf8 25. Be3 Nxe4 26. Ba7 Rb5 27. Rxe4 Rxd5 28. Rb4 Rd1+ 29. Kh2 Na5 30. Ra4 Nc6 31. Be3 Ne7 32. b4 Nd5 33. c4 Nxe3 34. fxe3 f6 35. e4 f5 36. Ra3 fxe4 37. Ng5 h6 38. Nxe4 Rd4 39. Nc3 Rxc4 40. Rb3 Kf7 41. b5 Rc7 42. Kg3 Ke6 43. b6 Rb7 44. Kf3 Be7 45. Ke4 Bh4 46. Rb2 Bd8 47. Nd5 Kd7 48. Rb1 g6 49. Rf1 Ke8 50. Ra1 Rb8 51. Ra7 Bxb6 52. Rg7 Bd8 53. Rxg6 Kd7 54. Rxh6 Rb1 55. Rh7+ Kc6 56. Ne7+ Kc5 57. Rg7 Re1+ 58. Kf3 Ba5 59. Kf2 Rb1 60. Rg8 Bb6 61. Kf3 d5 62. Rc8+ Kd6 63. Nf5+ Kd7 64. Rb8 Rb3+ 65. Kg4 d4 66. Rb7+ Kc6 67. Re7 d3 68. Rxe5 d2 69. Re6+ Kc5 70. Rd6 Ba5 71. Rd7 Rb7 72. Rd3 Rb3 73. Rd7 Kc4 74. Nd6+ Kd3 75. Nf5+ Kc4 76. Nd6+ Kd5 77. Nf5+ Ke5 78. Kg5 Rb7 79. Rd3 Rb1 80. Nd6 d1Q 81. Nc4+ Ke6 82. Rxd1 Rxd1 83. Nxa5 Rd5+ 84. Kg6 Rxa5 85. g4 Ke7 86. h4 0-1

[Event "ARM-ch 71st"]
[Site "Yerevan"]
[Date "2011.01.18"]
[Round "1"]
[White "Andriasian, Zaven"]
[Black "Minasian, Ara"]
[Result "1/2-1/2"]
[WhiteElo "2585"]
[BlackElo "2464"]
[PlyCount "97"]
[EventDate "2011.01.10"]
[EventType "tourn"]
[EventRounds "11"]
[EventCountry "ARM"]
[EventCategory "13"]
[SourceTitle "CBM 141"]
[Source "ChessBase"]
[SourceDate "2011.03.17"]
[SourceVersion "1"]
[SourceVersionDate "2011.03.17"]
[SourceQuality "1"]

1. e4 e6 2. d4 d5 3. Nc3 Bb4 4. exd5 exd5 5. Bd3 Nc6 6. Nge2 Nge7 7. a3 Bxc3+ 8. bxc3 Bf5 9. Rb1 Bxd3 10. Qxd3 b6 11. 0-0 Qd7 12. c4 dxc4 13. Qxc4 Na5 14. Qd3 Qf5 15. Qd1 0-0 16. Ng3 Qd7 17. Nh5 Nd5 18. Qf3 Qc6 19. Bd2 Nc4 20. Bg5 f6 21. Bh6 Rf7 22. Bxg7 Rxg7 23. Nxf6+ Kh8 24. Qxd5 Qxd5 25. Nxd5 Nd2 26. Rbd1 Nxf1 27. Kxf1 Rd8 28. Ne3 Rg5 29. d5 Re5 30. c4 Kg8 31. Ke2 Rde8 32. Kd3 Kf8 33. Rd2 Re4 34. Nc2 Rh4 35. h3 c5 36. a4 Ke7 37. Kc3 Kd7 38. Ne3 Rf4 39. a5 bxa5 40. Ra2 a6 41. Rxa5 Rxf2 42. Ng4 Rf4 43. Rxa6 Re2 44. Rh6 Rxg2 45. Ne5+ Ke8 46. Kb3 Rf1 47. Re6+ Kd8 48. Rd6+ Ke8 49. Re6+ 1/2-1/2

[Event "Fajr op 18th"]
[Site "Mashhad"]
[Date "2010.02.23"]
[Round "6"]
[White "Idani, Pouya"]
[Black "Minasian, Ara"]
[Result "1-0"]
[WhiteElo "2227"]
[BlackElo "2477"]
[PlyCount "113"]
[EventDate "2010.02.20"]
[EventType "swiss"]
[EventRounds "11"]
[EventCountry "IRI"]
[SourceTitle "CBM 135 Extra"]
[Source "ChessBase"]
[SourceDate "2010.05.04"]
[SourceVersion "1"]
[SourceVersionDate "2010.05.04"]
[SourceQuality "1"]

1. e4 e6 2. d4 d5 3. e5 c5 4. c3 Nc6 5. Nf3 Qb6 6. a3 c4 7. Nbd2 Na5 8. g3 Bd7 9. h4 f6 10. Bh3 Nh6 11. 0-0 Nf7 12. Re1 0-0-0 13. Rb1 Be7 14. exf6 gxf6 15. b4 cxb3 16. Nxb3 Rde8 17. Bf4 Nxb3 18. Rxb3 Qc6 19. Bg2 Bd6 20. Qd2 Qc7 21. Bxd6 Nxd6 22. Qh6 Ref8 23. Nd2 Nf5 24. Qh5 Rhg8 25. Qf3 Rg7 26. Nf1 Nd6 27. Qe3 f5 28. Qe5 Rg6 29. h5 Rg5 30. Qf4 Rfg8 31. Reb1 Bc6 32. Qe5 Re8 33. Qf4 Ne4 34. f3 Qxf4 35. gxf4 Rxg2+ 36. Kxg2 Rg8+ 37. Kh2 Nd6 38. R3b2 Nc4 39. Re2 Bd7 40. a4 Rf8 41. Ne3 Nd6 42. a5 Be8 43. Kg3 Bxh5 44. Rh1 Bg6 45. Nd1 Kd7 46. Nb2 Rc8 47. Na4 Ke7 48. Nc5 Bf7 49. Rxh7 Kf6 50. Nd7+ Ke7 51. Nc5 Rg8+ 52. Kf2 Rg6 53. Rb2 Rg8 54. Nxb7 Nc4 55. Rb4 Rc8 56. Nc5 Nxa5 57. Rb5 1-0

[Event "ARM-ch"]
[Site "Yerevan"]
[Date "2009.01.24"]
[Round "12"]
[White "Grigoryan, Avetik"]
[Black "Minasian, Ara"]
[Result "1/2-1/2"]
[WhiteElo "2506"]
[BlackElo "2477"]
[PlyCount "45"]
[EventDate "2009.01.12"]
[EventType "tourn"]
[EventRounds "13"]
[EventCountry "ARM"]
[EventCategory "12"]
[SourceTitle "CBM 129"]
[Source "ChessBase"]
[SourceDate "2009.03.25"]
[SourceVersion "1"]
[SourceVersionDate "2009.03.25"]
[SourceQuality "1"]

1. d4 d5 2. c4 c6 3. Nc3 Nf6 4. Nf3 dxc4 5. a4 Bf5 6. Ne5 e6 7. f3 c5 8. e4 Bg6 9. Be3 cxd4 10. Qxd4 Qxd4 11. Bxd4 Nfd7 12. Nxd7 Nxd7 13. Bxc4 a6 14. h4 h6 15. Rc1 Bc5 16. Bxc5 Nxc5 17. h5 Bh7 18. Ke2 Ke7 19. b4 Nd7 20. Ke3 Rac8 21. Na2 f5 22. exf5 Bxf5 23. g4 1/2-1/2

[Event "ARM-ch"]
[Site "Yerevan"]
[Date "2009.01.20"]
[Round "8"]
[White "Melkumyan, Hrant"]
[Black "Minasian, Ara"]
[Result "1-0"]
[WhiteElo "2519"]
[BlackElo "2477"]
[PlyCount "97"]
[EventDate "2009.01.12"]
[EventType "tourn"]
[EventRounds "13"]
[EventCountry "ARM"]
[EventCategory "12"]
[SourceTitle "CBM 129"]
[Source "ChessBase"]
[SourceDate "2009.03.25"]
[SourceVersion "1"]
[SourceVersionDate "2009.03.25"]
[SourceQuality "1"]

1. d4 f5 2. Bg5 d5 3. e3 c6 4. c4 Qa5+ 5. Nc3 e6 6. Bd3 Nd7 7. Nge2 Be7 8. Bf4 Ngf6 9. a3 0-0 10. b4 Qd8 11. h3 dxc4 12. Bxc4 Nd5 13. 0-0 N7b6 14. Bb3 a5 15. b5 cxb5 16. Nxb5 Bd7 17. Nbc3 Bc6 18. Qd3 a4 19. Ba2 Qd7 20. Rab1 Ra6 21. Rfc1 Nxc3 22. Rxc3 Nd5 23. Rcc1 Rc8 24. Be5 Raa8 25. f3 Kh8 26. e4 fxe4 27. fxe4 Nf6 28. Ng3 Rd8 29. Rd1 Bf8 30. Qf3 Qe7 31. Rd3 Nd7 32. Bf4 e5 33. Nf5 Qf6 34. Bg3 exd4 35. Qg4 Qg6 36. Qf4 Nc5 37. Rf3 Bxe4 38. Rbf1 Bxf5 39. Qh4 Nb3 40. Rxf5 h6 41. Be5 d3 42. Rf6 Bc5+ 43. Kh1 Be7 44. Rxg6 Bxh4 45. Rxh6+ Kg8 46. Rxh4 b5 47. Rd1 Rd5 48. Bd4 Rad8 49. Rxd3 1-0

[Event "ARM-ch"]
[Site "Yerevan"]
[Date "2009.01.17"]
[Round "6"]
[White "Anastasian, Ashot"]
[Black "Minasian, Ara"]
[Result "1-0"]
[WhiteElo "2559"]
[BlackElo "2477"]
[PlyCount "157"]
[EventDate "2009.01.12"]
[EventType "tourn"]
[EventRounds "13"]
[EventCountry "ARM"]
[EventCategory "12"]
[SourceTitle "CBM 129"]
[Source "ChessBase"]
[SourceDate "2009.03.25"]
[SourceVersion "1"]
[SourceVersionDate "2009.03.25"]
[SourceQuality "1"]

1. d4 d5 2. c4 c6 3. Nf3 Nf6 4. Nc3 dxc4 5. a4 Bf5 6. Ne5 Nbd7 7. Nxc4 Qc7 8. Bg5 e5 9. e3 Be7 10. Bd3 Bxd3 11. Qxd3 Rd8 12. Qe2 exd4 13. Bf4 Qc8 14. exd4 0-0 15. 0-0 Rfe8 16. a5 Nf8 17. Rfd1 Nd5 18. Be5 f6 19. Bg3 Qe6 20. Qf1 Bb4 21. Nxd5 Rxd5 22. a6 b6 23. Ne3 Rd7 24. Rac1 Red8 25. Rc4 Be7 26. Rdc1 c5 27. d5 Qf7 28. h4 Bd6 29. Bxd6 Rxd6 30. Qe1 Ng6 31. b4 Ne5 32. bxc5 bxc5 33. R4c3 Rxa6 34. Qe2 Rad6 35. Rxc5 R6d7 36. h5 Qe8 37. Rc7 g6 38. Qa6 f5 39. Rxd7 Nxd7 40. d6 Nf6 41. Rc7 Qe6 42. Re7 Qxd6 43. Qc4+ Nd5 44. Rxa7 f4 45. Ng4 gxh5 46. Ra6 hxg4 47. Rxd6 Rxd6 48. Qc8+ Kf7 49. Qxg4 h6 50. Qf5+ Nf6 51. Qxf4 Rd1+ 52. Kh2 h5 53. f3 Kg6 54. Qg3+ Kf7 55. Qc7+ Rd7 56. Qc2 Rd5 57. Kh3 Kg7 58. Qb2 Kg6 59. Kh4 Kf7 60. Qb6 Kg6 61. Qe6 Rf5 62. Qe3 Rd5 63. g4 hxg4 64. fxg4 Rd1 65. g5 Rh1+ 66. Kg3 Rh5 67. gxf6 Kxf6 68. Kg4 Re5 69. Qd4 Ke6 70. Kf4 Rd5 71. Qg7 Kd6 72. Ke4 Kc6 73. Qf6+ Rd6 74. Qc3+ Kb5 75. Qb3+ Kc5 76. Ke5 Rc6 77. Qa3+ Kc4 78. Qa4+ Kc5 79. Qa5+ 1-0

[Event "ARM-ch"]
[Site "Yerevan"]
[Date "2009.01.14"]
[Round "3"]
[White "Chibukhchian, Artur"]
[Black "Minasian, Ara"]
[Result "1/2-1/2"]
[WhiteElo "2444"]
[BlackElo "2477"]
[PlyCount "65"]
[EventDate "2009.01.12"]
[EventType "tourn"]
[EventRounds "13"]
[EventCountry "ARM"]
[EventCategory "12"]
[SourceTitle "CBM 129"]
[Source "ChessBase"]
[SourceDate "2009.03.25"]
[SourceVersion "1"]
[SourceVersionDate "2009.03.25"]
[SourceQuality "1"]

1. e4 e5 2. Nf3 Nc6 3. Bb5 Nf6 4. d3 Bc5 5. Bxc6 dxc6 6. Nbd2 0-0 7. Nc4 Re8 8. 0-0 Nd7 9. Bd2 b5 10. Ne3 Nf8 11. a4 Ng6 12. b4 Bf8 13. Nf5 Bxf5 14. exf5 Ne7 15. Nxe5 f6 16. Ng4 Nxf5 17. Ne3 Nxe3 18. fxe3 a6 19. Qg4 Kh8 20. Rf3 Qd5 21. Bc3 Qe6 22. Qxe6 Rxe6 23. Kf2 Rae8 24. g4 c5 25. bxc5 Bxc5 26. Bd2 Rc6 27. axb5 axb5 28. h4 Kg8 29. Ke2 Bd6 30. Ra2 Rc5 31. Bb4 Rce5 32. Bd2 c5 33. Ra1 1/2-1/2

[Event "ARM-ch"]
[Site "Yerevan"]
[Date "2009.01.12"]
[Round "1"]
[White "Andriasian, Zaven"]
[Black "Minasian, Ara"]
[Result "1/2-1/2"]
[WhiteElo "2564"]
[BlackElo "2477"]
[PlyCount "81"]
[EventDate "2009.01.12"]
[EventType "tourn"]
[EventRounds "13"]
[EventCountry "ARM"]
[EventCategory "12"]
[SourceTitle "CBM 129"]
[Source "ChessBase"]
[SourceDate "2009.03.25"]
[SourceVersion "1"]
[SourceVersionDate "2009.03.25"]
[SourceQuality "1"]

1. d4 f5 2. Nf3 Nf6 3. g3 g6 4. Bg2 Bg7 5. 0-0 0-0 6. c4 d6 7. Nc3 c6 8. d5 e5 9. dxc6 bxc6 10. Qa4 e4 11. Nd4 Qb6 12. Nb3 Ng4 13. Bf4 Ne5 14. c5 dxc5 15. Bxe5 Bxe5 16. Qc4+ Kg7 17. Nxc5 Ba6 18. Nxa6 Nxa6 19. Rac1 Rad8 20. Na4 Qa5 21. e3 Rf6 22. a3 Rfd6 23. Rfe1 Bf6 24. Bf1 Nc7 25. Nc5 Qb6 26. b4 Qb8 27. Rc2 Re8 28. Rec1 Ne6 29. Qa6 Ng5 30. Be2 Re7 31. Kg2 Nf7 32. Rd1 Rxd1 33. Bxd1 Qd6 34. Qe2 Re5 35. Rd2 Rd5 36. Rxd5 cxd5 37. Qd2 Nd8 38. Bb3 d4 39. exd4 Qxd4 40. Qe2 Be7 41. Ne6+ 1/2-1/2

[Event "ARM-ch 68th"]
[Site "Yerevan"]
[Date "2008.01.18"]
[Round "10"]
[White "Minasian, Ara"]
[Black "Ter Sahakyan, Samvel"]
[Result "1-0"]
[WhiteElo "2466"]
[BlackElo "2369"]
[PlyCount "63"]
[EventDate "2008.01.08"]
[EventType "tourn"]
[EventRounds "13"]
[EventCountry "ARM"]
[EventCategory "12"]
[SourceTitle "CBM 122"]
[Source "ChessBase"]
[SourceDate "2008.01.30"]
[SourceVersion "1"]
[SourceVersionDate "2008.01.30"]
[SourceQuality "1"]

1. c4 e5 2. Nc3 Nc6 3. g3 g6 4. Bg2 Bg7 5. Rb1 Nge7 6. b4 0-0 7. b5 Nd4 8. e3 Ne6 9. Nge2 f5 10. f4 e4 11. Ba3 d6 12. d3 exd3 13. Qxd3 Nc5 14. Qc2 a6 15. Rd1 Qe8 16. b6 Bd7 17. bxc7 Bc6 18. Bd5+ Nxd5 19. cxd5 Bd7 20. Bxc5 dxc5 21. Kf2 Rf6 22. d6 Kh8 23. e4 fxe4 24. Nxe4 Rf7 25. Nxc5 Bc6 26. Rhe1 Qc8 27. Nd4 Rxf4+ 28. gxf4 Qh3 29. Nce6 Qxh2+ 30. Ke3 Qh3+ 31. Ke2 Qg2+ 32. Kd3 1-0

[Event "ARM-ch 68th"]
[Site "Yerevan"]
[Date "2008.01.12"]
[Round "5"]
[White "Minasian, Ara"]
[Black "Kotanjian, Tigran"]
[Result "0-1"]
[WhiteElo "2466"]
[BlackElo "2545"]
[PlyCount "162"]
[EventDate "2008.01.08"]
[EventType "tourn"]
[EventRounds "13"]
[EventCountry "ARM"]
[EventCategory "12"]
[SourceTitle "CBM 122"]
[Source "ChessBase"]
[SourceDate "2008.01.30"]
[SourceVersion "1"]
[SourceVersionDate "2008.01.30"]
[SourceQuality "1"]

1. c4 c6 2. e4 e5 3. Nf3 d6 4. d4 Nd7 5. Nc3 Ngf6 6. Be2 Be7 7. 0-0 0-0 8. h3 a6 9. Be3 Rb8 10. Rb1 Re8 11. d5 c5 12. a3 Rf8 13. b4 Ne8 14. Qd2 b6 15. Ne1 g6 16. Nd3 Qc7 17. f4 exf4 18. Bxf4 Bf6 19. bxc5 bxc5 20. Rxb8 Qxb8 21. Qc2 Ng7 22. Kh2 Re8 23. Bg4 Qc7 24. Bd2 Qd8 25. Qd1 Ne5 26. Bxc8 Nxd3 27. Qf3 Be5+ 28. Kh1 Nh5 29. Ne2 Qxc8 30. Qxd3 Qd7 31. Bc3 Qe7 32. g4 Nf6 33. Bxe5 Qxe5 34. Ng3 Nxe4 35. Nxe4 Qxe4+ 36. Qxe4 Rxe4 37. Rf6 Rxc4 38. Rxd6 Rc3 39. Kg2 Rxa3 40. Rc6 Kg7 41. Rxc5 Kf6 42. Rc7 h6 43. Ra7 a5 44. d6 a4 45. d7 Rd3 46. Rxa4 Rxd7 47. Ra5 Rd2+ 48. Kg3 Rd3+ 49. Kg2 Re3 50. Rb5 Re5 51. Rb7 h5 52. gxh5 Rxh5 53. Kg3 g5 54. Rb6+ Kf5 55. Rb5+ Kg6 56. Rb6+ f6 57. Rb4 Rh8 58. Ra4 f5 59. Ra6+ Kh5 60. Rf6 f4+ 61. Kf3 Re8 62. Rf7 Kg6 63. Ra7 Re3+ 64. Kg2 Re2+ 65. Kg1 Kf5 66. Ra5+ Re5 67. Ra4 Rd5 68. Kg2 Rd2+ 69. Kg1 f3 70. Rb4 Rg2+ 71. Kh1 Re2 72. Kg1 Re4 73. Rb8 Kf4 74. Rg8 Re1+ 75. Kf2 Re2+ 76. Kg1 Rg2+ 77. Kh1 g4 78. Rg7 Ke3 79. hxg4 Kf2 80. Ra7 Kg3 81. Ra3 Rb2 0-1